Archivos del Norte
Sparad:
| Huvudupphovsman: | |
|---|---|
| Materialtyp: | Bok |
| Språk: | spanska |
| Publicerad: |
Madrid, España
Alfaguara
1985
|
| Upplaga: | Segunda edición |
| Serie: | El Laberinto del Mundo
|
| Ämnen: | |
| Taggar: |
Lägg till en tagg
Inga taggar, Lägg till första taggen!
|
MARC
| LEADER | 00000cam a2200000 a 4500 | ||
|---|---|---|---|
| 001 | UCE7257 | ||
| 003 | CL-VaPUC | ||
| 005 | 20240514135942.0 | ||
| 008 | 150529e19850000sp |||||||||||||||||spa|d | ||
| 999 | |c 359358 |d 359356 | ||
| 020 | |a 8420422169 | ||
| 040 | |c Pontificia Universidad Católica de Valparaíso | ||
| 082 | 0 | 4 | |a 843 YOU 1985 |2 21 |
| 100 | 0 | |a Yourcenar, Marguerite |9 579936 | |
| 245 | 1 | 0 | |a Archivos del Norte |
| 250 | |a Segunda edición | ||
| 260 | 0 | 3 | |a Madrid, España |b Alfaguara |c 1985 |
| 300 | |a 372 páginas | ||
| 490 | 0 | |a El Laberinto del Mundo | |
| 583 | |a last modification |c 20150602 10:52:06 |k Rodrigo Vera | ||
| 650 | 0 | |a Abandono del hogar |9 309234 | |
| 650 | 0 | |a Novela francesa |9 264985 | |
| 650 | 0 | |a Literatura francesa |9 266330 | |
| 942 | |c BK |2 ddc | ||
| 945 | |d 20150529 15:00:00 |a gsalatino | ||
| 952 | |0 0 |1 0 |2 ddc |3 erb |4 0 |6 843_000000000000000_YOU_1985 |7 0 |8 A |9 468517 |a BIBEDU |b BIBEDU |e Villagrán Garnham, Jorge |i 5176611 |o 843 YOU 1985 |p 5176611 |r 2019-11-23 |t 1 |w 2019-11-23 |y BK |z Catalogado en:20150529 |k LIT | ||